| 000 | 00582nam a2200181Ia 4500 | ||
|---|---|---|---|
| 003 | GCL | ||
| 005 | 20240530103342.0 | ||
| 008 | 140319s9999 xx 000 0 ara d | ||
| 040 |
_aGCL / _cGCL |
||
| 082 | 0 | 4 |
_a398.2 _bق/ع ظ |
| 100 | 1 | _aعبدالحميد يونس | |
| 245 | 1 | 0 |
_aالظاهر بيبرس فى القصص الشعبى (هدية من الاديب عبدالفتاح الجمل) / _cعبدالحميد يونس |
| 300 | _a117 ص | ||
| 490 |
_aالمكتبة الثقافية _v0 |
||
| 650 | 0 | 4 | _aالادب الشعبى |
| 650 | 0 | 4 | _aبيبرس |
| 942 |
_2ddc _cBK |
||
| 999 |
_c38744 _d38744 |
||